Nuevos fascismos?: extrema derecha y neofascismo en Europa y Estados Unidos

Salvato in:
Dettagli Bibliografici
Autore principale: Rodríguez Jiménez, José L (Autore)
Natura: Libro
Lingua:spagnolo
Pubblicazione: Barcelona Península 1998
Serie:Historia, Ciencia, Sociedad, 269
Soggetti:
Tags: Aggiungi Tag
Nessun Tag, puoi essere il primo ad aggiungerne!!

MARC

LEADER 00000nam a2200000 a 4500
001 UCL0547
003 CL-VaPUC
008 030728e19980000SP |||||||||||||||||spa|d
020 |a 8483071304 
082 0 4 |a 320.533  |b ROD  |2 21 
100 0 |a Rodríguez Jiménez, José L  |e author  |9 477197 
245 1 0 |a Nuevos fascismos?: extrema derecha y neofascismo en Europa y Estados Unidos 
300 |a 365 p 
942 |c BK 
945 |d 20030728 00:00:00  |a cmena 
260 |a Barcelona  |b Península  |c 1998 
650 0 |a Ideologías políticas   |9 255735 
650 0 |a Fascismo  |9 255687 
650 7 |a NEOFASCISMO  |2 CL-VaPUC  |9 477198 
651 0 |a Europa  |9 255156 
651 0 |a Estados Unidos  |9 255178 
583 |a last modification  |c 20030728 00:00:00  |k Rodrigo Vera 
490 0 |a Historia, Ciencia, Sociedad, 269 
999 |c 304365  |d 304363 
952 |0 0  |1 0  |4 0  |6 320_533000000000000_ROD_1998  |7 0  |8 A  |9 366393  |a BIBHIS  |b BIBHIS  |d 2019-11-21  |i 3907236  |l 1  |o 320.533 ROD 1998  |p 3907236  |r 2025-01-20  |s 2022-08-30  |w 2019-11-21  |y BK  |k HIS